English for specific purposes

Saved in:
Bibliographic Details
Main Author: Mackay, Ronald et al
Format: Book
Language:Undetermined
Published: Londres, Inglaterra Longman 1978
Subjects:
Tags: Add Tag
No Tags, Be the first to tag this record!

MARC

LEADER 00000nam a2200000Ia 4500
008 170316s9999 xx 000 0 und d
090 |a 410 M-1e 
100 |a Mackay, Ronald et al. 
245 |a English for specific purposes 
260 |a Londres, Inglaterra 
260 |b Longman 
260 |c 1978 
300 |a 227 páginas 
650 |a LINGÜÍSTICA 
999 |c 18596  |d 18596 
040 |a cru BVZT 
942 |c 15 D  |h 410 M-1e  |2 z